[Event "Hastings Masters op 93rd"]
[Site "Hastings"]
[Date "2017.12.28"]
[Round "1"]
[White "Wilson, Matthew R"]
[Black "Berger, Konstantin"]
[Result "1/2-1/2"]
[WhiteElo "1782"]
[BlackElo "2041"]
[PlyCount "83"]
[EventDate "2017.12.28"]
[EventType "swiss"]
[EventRounds "9"]
[EventCountry "ENG"]
[SourceTitle "CBM 182 Extra"]
[Source "ChessBase"]
[SourceDate "2018.02.23"]
[SourceVersion "1"]
[SourceVersionDate "2018.02.23"]
[SourceQuality "1"]

1. e4 c5 2. Nc3 a6 3. f4 b5 4. Nf3 Bb7 5. d3 e6 6. Be2 d5 7. 0-0 b4 8. Na4 dxe4 9. Ne5 Nf6 10. Be3 Nbd7 11. Nxd7 Nxd7 12. b3 Be7 13. dxe4 Bxe4 14. Bf3 Bxf3 15. Qxf3 0-0 16. Rad1 Qc7 17. Rd3 Nf6 18. f5 exf5 19. Qxf5 c4 20. bxc4 Qc6 21. Nb6 Rab8 22. Nd7 Nxd7 23. Qxd7 Qxd7 24. Rxd7 Bf6 25. c5 Rbc8 26. Rfd1 Rfe8 27. Kf2 Rc6 28. R1d6 Rxd6 29. Rxd6 Ra8 30. Rb6 a5 31. c6 Be5 32. Rb5 f6 33. Kf3 Rc8 34. Rc5 Kf7 35. Bf4 Bxf4 36. Kxf4 Ke6 37. Ke4 Kd6 38. Rxa5 Rxc6 39. Kd3 Rc3+ 40. Kd2 Rc5 41. Ra6+ Ke7 42. Rb6 1/2-1/2

[Event "Ruhrgebiet Verbandsliga Gruppe 1 1718"]
[Site "Germany"]
[Date "2017.11.05"]
[Round "3.3"]
[White "Berger, Konstantin"]
[Black "Wicht, Juergen"]
[Result "1-0"]
[WhiteElo "2001"]
[BlackElo "2051"]
[PlyCount "145"]
[EventDate "2017.09.17"]
[EventType "team-tourn"]
[EventRounds "9"]
[EventCountry "GER"]
[SourceTitle "EXT 2022"]
[Source "ChessBase"]
[SourceDate "2021.10.06"]
[SourceVersion "1"]
[SourceVersionDate "2021.10.06"]
[SourceQuality "1"]
[WhiteTeam "Essen Werden"]
[BlackTeam "Annen Sport Union"]
[WhiteTeamCountry "GER"]
[BlackTeamCountry "GER"]

1. d4 Nf6 2. Bg5 Ne4 3. Bf4 c5 4. f3 Nf6 5. dxc5 Qa5+ 6. Nc3 Qxc5 7. Qd2 d6 8. e4 Qa5 9. Bc4 Nc6 10. Nge2 g6 11. Nb5 Qxd2+ 12. Bxd2 Rb8 13. Nc7+ Kd8 14. Nb5 a6 15. Nbd4 Nxd4 16. Nxd4 e5 17. Ne2 Be6 18. Bb3 Kd7 19. 0-0-0 Bxb3 20. axb3 h5 21. Kb1 Ke6 22. Bg5 Ne8 23. Rd3 Rc8 24. Rhd1 f6 25. Be3 Bh6 26. Bf2 Rh7 27. b4 Rhc7 28. c3 Rc6 29. Ng3 b5 30. Nf1 Ra8 31. Be3 Bf8 32. Nd2 a5 33. bxa5 Rxa5 34. Nb3 Ra4 35. Na1 f5 36. exf5+ gxf5 37. Nc2 Rca6 38. R1d2 Nc7 39. Nb4 Ra1+ 40. Kc2 R6a4 41. h3 Na6 42. Nxa6 Rxa6 43. Rd5 R1a5 44. Kd1 b4 45. c4 Rxd5 46. Rxd5 Ra1+ 47. Kc2 Re1 48. Kd2 Rb1 49. Kc2 Re1 50. Bb6 Bh6 51. Bc7 Bf8 52. Rd2 Re3 53. Bb6 Re1 54. Kb3 Bh6 55. Rc2 e4 56. fxe4 fxe4 57. c5 dxc5 58. Bxc5 Rc1 59. Rxc1 Bxc1 60. Kc2 Bg5 61. Bxb4 Kf5 62. Be1 Ke5 63. Kd1 e3 64. Ke2 Ke4 65. Bb4 Bf6 66. b3 Bd4 67. Bd6 Kd5 68. Bf8 Ke4 69. b4 Be5 70. Bc5 Kf4 71. Bxe3+ Kg3 72. Kf1 Bb8 73. b5 1-0

[Event "Ruhrgebiet Verbandsliga Gruppe 2 1415"]
[Site "Germany"]
[Date "2015.03.01"]
[Round "7"]
[White "Berger, Konstantin"]
[Black "Gross, Thomas"]
[Result "1-0"]
[WhiteElo "1970"]
[BlackElo "1920"]
[PlyCount "81"]
[EventDate "2014.09.21"]
[EventType "team-tourn"]
[EventRounds "9"]
[EventCountry "GER"]
[SourceTitle "EXT 2022"]
[Source "ChessBase"]
[SourceDate "2021.10.06"]
[SourceVersion "1"]
[SourceVersionDate "2021.10.06"]
[SourceQuality "1"]
[WhiteTeam "Essen Werden"]
[BlackTeam "Oberhausen SV II"]
[WhiteTeamCountry "GER"]
[BlackTeamCountry "GER"]

1. e4 e6 2. d4 d5 3. Nd2 h6 4. Ngf3 Nf6 5. e5 Nfd7 6. Bd3 c5 7. c3 Nc6 8. 0-0 g5 9. c4 dxc4 10. Nxc4 cxd4 11. Be4 Bg7 12. Bxc6 bxc6 13. Qxd4 0-0 14. Rd1 Qc7 15. Be3 c5 16. Qd6 Qxd6 17. exd6 Ba6 18. Nfd2 Rab8 19. Rab1 Bd4 20. b3 Rfd8 21. h4 f6 22. hxg5 hxg5 23. Ne4 e5 24. g4 Kg7 25. Rbc1 Bb7 26. Ncd2 Rh8 27. Bxd4 exd4 28. f3 Ne5 29. Rxc5 Nxf3+ 30. Nxf3 Bxe4 31. Rc7+ Kg6 32. Kf2 d3 33. d7 Rh3 34. Rc8 Rxf3+ 35. Kg1 Rg3+ 36. Kh2 Rxg4 37. Rxb8 Rg2+ 38. Kh3 g4+ 39. Kh4 Bf3 40. Rh1 Re2 41. d8Q 1-0

[Event "Ruhrgebiet Verbandsliga Gruppe 2 1415"]
[Site "Germany"]
[Date "2014.11.16"]
[Round "3.6"]
[White "Berger, Konstantin"]
[Black "Beckmann, Klaus"]
[Result "1-0"]
[WhiteElo "1964"]
[BlackElo "1781"]
[PlyCount "55"]
[EventDate "2014.09.21"]
[EventType "team-tourn"]
[EventRounds "9"]
[EventCountry "GER"]
[SourceTitle "EXT 2022"]
[Source "ChessBase"]
[SourceDate "2021.10.06"]
[SourceVersion "1"]
[SourceVersionDate "2021.10.06"]
[SourceQuality "1"]
[WhiteTeam "Essen Werden"]
[BlackTeam "Muelheim Nord IV"]
[WhiteTeamCountry "GER"]
[BlackTeamCountry "GER"]

1. e4 c5 2. c3 Nf6 3. e5 Nd5 4. d4 Nc6 5. Nf3 d6 6. Bc4 e6 7. 0-0 dxe5 8. dxe5 Be7 9. Nbd2 0-0 10. Bb3 Nf4 11. Nc4 Ng6 12. Qe2 Qc7 13. a4 Na5 14. Nxa5 Qxa5 15. h4 Bxh4 16. Nxh4 Nxh4 17. Rd1 Ng6 18. Bc2 Qc7 19. Qh5 Bd7 20. Be3 b5 21. f3 Qxe5 22. Qxe5 Nxe5 23. f4 Nc4 24. Bxc5 Rfc8 25. Rxd7 Rxc5 26. axb5 Nb6 27. Raxa7 Rxa7 28. Rd8# 1-0

[Event "Ruhrgebiet VK3 1213"]
[Site "Nordrheinwestfalen"]
[Date "2012.09.30"]
[Round "2"]
[White "Dekhtyaryuk, Dimitri"]
[Black "Berger, Konstantin"]
[Result "0-1"]
[WhiteElo "1831"]
[BlackElo "1882"]
[PlyCount "63"]
[EventDate "2012.09.02"]
[EventType "team-tourn"]
[EventRounds "9"]
[EventCountry "GER"]
[SourceTitle "EXT 2020"]
[Source "ChessBase"]
[SourceDate "2019.10.17"]
[SourceVersion "1"]
[SourceVersionDate "2019.10.17"]
[SourceQuality "1"]
[WhiteTeam "Eichlinghofen SV II"]
[BlackTeam "Essen Werden"]
[WhiteTeamCountry "GER"]
[BlackTeamCountry "GER"]

1. e4 e5 2. f4 exf4 3. Nf3 g5 4. h4 g4 5. Ne5 Nf6 6. Bc4 d5 7. exd5 Bd6 8. d4 Nh5 9. 0-0 0-0 10. Qe1 g3 11. Nf3 Re8 12. Qd2 Bg4 13. Re1 Rxe1+ 14. Qxe1 Bxf3 15. gxf3 Qxh4 16. Qe2 Nd7 17. Bd2 Ndf6 18. Nc3 Re8 19. Qg2 Ng7 20. Bd3 Bb4 21. Rb1 b6 22. Be4 Bxc3 23. Bxc3 Nxe4 24. fxe4 Rxe4 25. Re1 Rxe1+ 26. Bxe1 Nf5 27. c3 f3 28. Qxf3 Qh2+ 29. Kf1 Ne3+ 30. Qxe3 g2+ 31. Ke2 g1Q+ 32. Bf2 0-1